000 003030000a22001330004500
003 MACL
040 _aMACL
090 _c35870
_d35868
100 _aYoung, G M
245 _aSpeeches by Lord Macaulay
260 _bOxford University Press
_c1859
650 _aSpecial Education
942 _cBOOK
_k371.9/YOU
999 _c35490
_d35490